| 000 | 00787nam a2200229Ia 4500 | ||
|---|---|---|---|
| 003 | OSt | ||
| 005 | 20221005105223.0 | ||
| 006 | a|||||r|||| 00| 0 | ||
| 007 | ta | ||
| 008 | 221004b |||||||| |||| 00| 0 hin d | ||
| 024 | _a27452 | ||
| 037 |
_bGift, 27/07/2016, _cTextual |
||
| 040 |
_aCRL _cCRL _bhin |
||
| 041 |
_2hin _ahin |
||
| 082 | _aO168,1M76x, 111Q1 | ||
| 245 | 0 | _aकार्यशीलता का कुरुक्षेत्र | |
| 246 | _aKāryashīlatā kā kurukṣhetra | ||
| 260 |
_aनई दिल्ली _bइक़बाल अकैडमी इंडिया भारत _c2011 |
||
| 650 | _aउर्दू साहित्य | ||
| 942 |
_hO168,1M76x, 111Q1 _cTEXL _2cc |
||
| 999 |
_c1015172 _d1015172 |
||